000 00800nam a2200229Ia 4500
003 GCL
008 140319s9999 xx 000 0 ara d
040 _aGCL /
_cGCL
082 0 4 _a027.009
_bر أ
100 1 _aروبرتس، م . ف
245 1 0 _aالارشيفات والمدن الكبرى /
_cروبرتس، م . ف
700 1 _aعثمان مصطفى عثمان
250 _aالاولى
260 _aالقاهرة :
_bالمجلس الاعلى للثقافة ،
_c2003
300 _a357ص ؛
_c27سم
490 _aالمشروع القومى للترجمة
_v390
650 0 4 _aالارشيف والمحفوظات
650 0 4 _aالارشيف - مبانى
650 0 4 _aلندن - تاريخ - العصر الحديث
650 0 4 _aالارشيف - تاريخ
942 _2ddc
_cBK
999 _c34828
_d34828